Countries In Different Languages - Statistics

General Stats
  • This quiz has been taken 55 times
  • The average score is 10 of 15
Answer Stats
Language Name Country % Correct
Indonesian Jepang Japan
92%
Italian Messico Mexico
90%
Afrikaans Nieu-Seeland New Zealand
90%
German Weißrussland Belarus
86%
German Vereignites Konigreich United Kingdom
78%
Belarusian Летува (Letuwa) Lithuania
76%
French Pays-Bas Netherlands
76%
Estonian Soome Finland
71%
Polish Stany Zjednoczone United States
67%
Slovenian Taliansko Italy
65%
Mandarin 俄罗斯 (É Luó Sī) Russia
51%
Turkish Kuzey Kore North Korea
47%
Russian Черногория (Chernogoriya) Montenegro
43%
Ukrainian Угорщина (Ugorshchyna) Hungary
41%
Malagasy Maorisy Mauritius
22%
No matching quizzes found
Score Distribution
Percent of People with Each Score
Percentile by Number Answered
Your Score History
You have not taken this quiz